| 000 | 00773nam a2200253 a 4500 | ||
|---|---|---|---|
| 001 | BRL_1944 | ||
| 005 | 20190320211439.0 | ||
| 008 | 010915s1960----fr-o######---#000-0#fre-# | ||
| 041 | _afre | ||
| 044 | _afr | ||
| 050 | 4 |
_aND25 _b.T37 31 1960 |
|
| 100 | 1 |
_aPonente, Nello _928285 |
|
| 245 | 1 | 0 |
_aKlee _bétude biographique et critique _cpar Nello Ponente ; Traduit de l´italien par Rosabianca Skira-Veniuri. |
| 260 |
_aParis _bSkira _c1960 |
||
| 300 |
_a140 p. _bil. _c19 cm. |
||
| 440 | 0 |
_aThe taste of our time _v31 _920301 |
|
| 500 | _aIncluye índice de nombres de ciudades | ||
| 500 | _aAu718 | ||
| 504 | _aBibliografía: p. 125-129 | ||
| 600 | 1 | 4 |
_aKlee, Paul _d1879-1940 _923012 |
| 700 | 1 |
_aSkira-Venturi, Rosabianca _928286 |
|
| 902 | _aGRL | ||
| 942 |
_2lcc _cB |
||
| 999 |
_c10751 _d10751 |
||